000 00609nam a22002297a 4500
001 86112
003 UA-OsUOA
005 20211105204611.0
007 ta
008 20120827b un ||||| |||| 00| 0 ukr d
040 _aUA-OsUOA
_brus
_cUA-OsUOA
_dUA-OsUOA
041 _arus
080 _a94(47+57)
090 _a94(47+57)
_bТ69
100 _aТрифонов И. Я.
245 _aЛиквидация эксплуататорских классов в СССР
260 _aМ.
_bПолитиздат
_c1975
300 _a406 с.
650 7 _a94 Історія
_2UDC
942 _cBK
_2udc
955 _a2
999 _c372412
_d372412